00605nam a2200157Ia 4500008004100000020002200041050001800063100003600081245008200117260003200199300001800231440003500249500012100284650001200405650003000417120626s9999 xx 000 0 und d a978-84-415-2798-004aT385 R48 20101 aREYES RODRIGUEZ,Antonio Manuel.10aManual Imprescindible de AutoCAD 2011cautor, Antonio Manuel Reyes Rodriguez. aEspañabAnaya Multimedia. a464 páginas aAutodesk-Authorized Publisher. aContiene: Agradecimientos Sobre el autor Índice de contenido Como usar este libro Apendice A Índice alfabetico.17aAUTOCAD17aGRAFICAS POR COMPUTADORA.